Jahresbericht der deutsch-ungarischen städt. Mädchenbürgerschule in Bratislava vom Schuljahre ...

Bibliographic Details
Format: Serial
Language:German
PhysicalDescription:zv. 23 cm
Published: Bratislava C. F. Wigand
Subjects:

MARC

LEADER 00000nas a2200000 a 4500
001 vtls001474178
003 SK-MaSNL
005 20260228160835.0
008 160624uuuuu xo ku a 0 0ger c
035 |a SNK000429479 
040 |a SNK  |b slo  |c SNK  |e AACR2 
041 0 |a ger 
245 1 |a Jahresbericht der deutsch-ungarischen städt. Mädchenbürgerschule in Bratislava vom Schuljahre ... 
260 |a Bratislava  |b C. F. Wigand 
300 |a zv.  |c 23 cm 
310 |a Ročenka 
500 |a Názov a text aj maď. 
500 |a Súčasťou názvu je označenie školského roku 
500 |a Popis podľa: R. 1931-32 
655 7 |a ročenky  |2 SNK  |9 57146 
850 |a Slovenská národná knižnica v Martine 
999 |c 3736  |d 5666 
952 |0 0  |1 0  |4 0  |7 0  |a SNK  |b SNK  |d 2004-04-30  |g 1.00  |i snkK 1292/2003  |l 0  |o snkČSC 2562/1931-32  |p 17A0416477  |r 2005-01-02 00:00:00  |t P60, <06>, [ISSUE], {606}  |w 2026-02-21  |y PREZ 
952 |0 0  |1 0  |4 0  |7 0  |a SNK  |b SNK  |d 2004-04-30  |g 1.00  |i snkK 1293/2003  |l 0  |o snkČSC 2562/1932-33  |p 17A0416478  |r 2005-01-02 00:00:00  |t P60, <06>, [ISSUE], {606}  |w 2026-02-21  |y PREZ